Cooperation and conflict in state and local innovation during covid-19 (Record no. 517707)

000 -LEADER
fixed length control field 01038nam a22001577a 4500
008 - FIXED-LENGTH DATA ELEMENTS--GENERAL INFORMATION
fixed length control field 210724b ||||| |||| 00| 0 eng d
100 ## - MAIN ENTRY--PERSONAL NAME
Personal name Mallinson, Daniel J.
245 ## - TITLE STATEMENT
Title Cooperation and conflict in state and local innovation during covid-19
260 ## - PUBLICATION, DISTRIBUTION, ETC. (IMPRINT)
Place of publication, distribution, etc American Review of Public Administration
300 ## - PHYSICAL DESCRIPTION
Extent 50(6-7), Aug-Oct, 2020: p.543-550
520 ## - SUMMARY, ETC.
Summary, etc This essay discusses how scholarship on state politics and policy, intergovernmental relations, and federalism provides necessary context for understanding governmental responses to COVID-19. It also highlights how observing those responses can further push the bounds of existing scholarship and theory regarding policy innovation and cooperative and conflictual federalism. It argues that there is a space for mutual learning and sharing between scholars and practitioners. - Reproduced
650 ## - SUBJECT ADDED ENTRY--TOPICAL TERM
Topical term or geographic name as entry element Federalism, Coronavirus, Preemption, Policy diffusion
9 (RLIN) 25687
773 ## - HOST ITEM ENTRY
Main entry heading American Review of Public Administration
906 ## - LOCAL DATA ELEMENT F, LDF (RLIN)
Subject DIP FEDERALISM
942 ## - ADDED ENTRY ELEMENTS (KOHA)
Item type Articles
Holdings
Withdrawn status Lost status Source of classification or shelving scheme Damaged status Not for loan Permanent location Current location Date acquired Serial Enumeration / chronology Barcode Date last seen Koha item type
          Indian Institute of Public Administration Indian Institute of Public Administration 2021-07-24 50(6-7), Aug-Oct, 2020: p.543-550 AR124968 2021-07-24 Articles

Powered by Koha